| 000 | 00609nam a2200217 a 4500 | ||
|---|---|---|---|
| 001 | 23343 | ||
| 003 | CO-ViMGA | ||
| 008 | 141112s2004 ck r 000 u spa d | ||
| 020 | _a958648484 | ||
| 040 |
_aCO-ViMGA _bspa _cCO-ViMGA |
||
| 082 | 0 | 4 | _a613.62 H351 |
| 100 | 1 |
_aHeano, Fernando _933669 |
|
| 245 | 1 | 0 | _aCodificacion en salud ocupacional |
| 260 |
_aColombia : _bEcoe |
||
| 300 | _a305p. | ||
| 650 | 1 | 4 |
_aACCIDENTES DE TRABAJO _922984 |
| 650 | 1 | 4 |
_aENFERMEDADES - OCUPACIONALES _933670 |
| 650 | 1 | 4 |
_aSALUD OCUPACIONAL - PREVENCION _933671 |
| 650 | 1 | 4 |
_aSEGURIDAD INDUSTRIAL _951373 |
| 942 |
_2ddc _cBK |
||
| 999 |
_c31563 _d31563 |
||